000 00450nam a2200181Ia 4500
003 GCL
008 140319s9999 xx 000 0 eng d
040 _aGCL /
_cGCL
082 0 4 _a823
_bH F
100 1 _aHARDY, THOMAS
245 1 0 _aFAR FROM THE MADDING CROWD /
_cHARDY, THOMAS
260 _a[S.N] :
_bYORK PRESS ،
_c1989
300 _a412
650 0 4 _aENGLISH LITERATURE
650 0 4 _aENGLISH FICTION
650 0 4 _aFICTION
942 _2ddc
_cBK
999 _c18208
_d18208